Chansons françaises par paroles commençant par Q - Statistiques

Statistiques générales
  • Ce quiz a été pris 98 fois
  • Le résultat moyen est 8 sur 20
Statistiques - réponses
Hint Réponse % Correct
J'ai plus d'amour, j'ai pas le temps J'ai plus d'humour, j'sais plus d'où vient le vent J'ai plus qu'un clou, une étincelle Des trucs en plomb qui me brisent les ailes Un peu de swing, un peu du King Pas mal de feeling et de décibels C'est pas l'usine, c'est pas la mine Mais ça suffit pour se faire la belle Quand la musique est bonne
80%
Qui est-ce qui viole les filles
Le soir dans les parkings
Qui met l'feu aux buildings
C'est toujours les zonards
Alors c'est la panique sur les boulevards
Quand on arrive en ville
80%
________ Je suis amoureux Quand j'entends ta voix Je suis fou de joie Quand je vois tes yeux
75%
Quand tu n’te sens plus chatte Et que tu deviens chienne Et qu’à l’appel du loup Tu brises enfin tes chaînes Quand ton premier soupir Se finit dans un cri Quand c’est moi qui dis non Quand c’est toi qui dis oui Que je t'aime
75%
On m'avait dit, faut écouter son père Le mien a rien dit quand il s'est fait la paire Maman m'a dit t'es trop p'tit pour comprendre Et j'ai grandi avec une place à prendre Qui a le droit
61%
________ à s'offrir en partage
Au jour du grand voyage qu'est notre grand amour
________ mon amour toi et moi
Pour qu'éclatent de joie chaque heure et chaque jour
Quand on n'a que l'amour
55%
J'aime que les livres, j'préfère être seul
Donc j'suis plus content quand il pleut
J'fais quelques cours de catéchisme
Mais j'suis pas sûr de croire en Dieu
J'ai sept ans la vie est facile
Quand j'sais pas j'demande à ma mère
Un jour elle m'a dit j'sais pas tout
J'ai perdu foi en l'univers
La {quête}
45%
________
J’ai l’impression d’être un roi
Un chevalier d’autrefois
Le seul homme sur la Terre
________
J’ai l’impression d’être à toi
Comme la rivière au delta
Prisonnier volontaire
Quand je t'aime
44%
Tout l’monde s’éclate À la ________ Dans les anniversaires Dans les bals populaires Pour les nouveaux mariés Pour la nouvelle année Même dans les discothèques Quand on veut faire la fête Il n’y a rien de plus simple Il suffit de danser La {queuleuleu}
40%
Mes rêves envolés Mais qu'aurait donc cet autre que je n'ai Ne le saurai-je jamais Cas très banal cliché Dénouement funeste Trois moins deux qui s'en vont Ça fait moi qui reste 4 mots sur un piano
32%
________ ________ ________ ________ me faire oublier dites-moi
Ma seule raison de vivre
Essayez de me le dire
________ ________ Oui ________
Qui saura
29%
Je t'envoie mes images Je t'envoie mon décor Je t'envoie mes sourires des jours Où je me sens plus fort Je t'envoie mes voyages Mes jours d'aéroport Je t'envoie mes plus belles victoires Sur l'ironie du sort Quelques mots d'amour
23%
Pour moi y a longtemps qu'c'est fini J'comprends plus grand-chose Aujourd'hui Mais j'entends quand même Des choses que j'aime Et ça distrait ma vie Quand j'étais chanteur
21%
Quand j's'rai pomme Dans les souvenirs les albums Est-ce que tu laisseras Ta main sur ma joue posée comme ça Est-ce que tu m'aimeras encore Dans cette petite mort Quand j'serai K.-O.
20%
On dit que le destin Se moque bien de nous Qu'il ne nous donne rien Et qu'il nous promet tout Paraît qu'le bonheur Est à portée de main Alors on tend la main Et on se retrouve fou Quelqu'un m'a dit
20%
Depuis trop longtemps Tu t'demandes à qui ça sert Toutes les règles un peu truquées Du jeu qu'on veut t'faire jouer Les yeux bandés Quand t'es dans le désert
16%
J’ai tout fait à l’instinct Moi je ne suis qu’un homme Peut-être un bon à rien Mais ________ J’ai le cœur sur la main Si parfois j’abandonne C’est pour faire mieux demain Que Dieu me pardonne
15%
Bras de bois
Des clés aux doigts
Des cordes pour tendons
Agite-nous
Agite-moi
Fais l'arpège sature le son
________ Inspire l'autre
Qui de nous deux
13%
Il a monté son groupe Il y a deux ans à peine Un chômeur en déroute Le fils de la pharmacienne Un bassiste de Toulouse Un batteur looké Harlem Un mélange de jazz and blues Version new wave africaine Quand Jimmy dit
7%
Le jour se lève C'est comme un rêve Un rêve qui s'achève Moi j'ai envie de te revoir Ah ah ah ah ah ah ah C'est une ________ ________ Question de feeling
1%
Aucun quiz correspondant
Distribution des résultats
% des personnes avec chaque résultat
Percentile par nombre de réponses
Votre historique - résultats
Vous n’avez pas pris ce quiz